[Event "Lippstadt"]
[Site "Lippstadt"]
[Date "1995.??.??"]
[Round "9"]
[White "Stangl, Markus"]
[Black "Chiburdanidze, Maia"]
[Result "1-0"]
[WhiteElo "2560"]
[BlackElo "2500"]
[Annotator "Bulletin"]
[PlyCount "107"]
[EventDate "1995.07.??"]
[EventType "tourn"]
[EventRounds "11"]
[EventCountry "GER"]
[EventCategory "7"]
[SourceTitle "EXT 1997"]
[Source "ChessBase"]
[SourceDate "1996.11.15"]
[SourceVersion "1"]
[SourceVersionDate "1996.11.15"]
[SourceQuality "1"]

1. Nf3 d5 {Offensichtlich wollte Maya im Königsinder nicht gegen die
Fianchettovariante antreten, die Sie selbst gerne spielt.} 2. c4 c6 3. d4 Nf6
4. Nc3 e6 5. e3 Nbd7 6. Qc2 Bd6 7. b3 {Nach den Erfolgen in Tilburg 1994 hat
die Bayernvariante 7.Ld2 0-0 8.h3 ihren Überraschungswert verloren.} e5 $5 {
Meist schaltet Schwarz vor e5 noch die Züge 7...0-0 8.Be2 ein.} 8. cxd5 Nxd5 9.
Bb2 Nxc3 10. Bxc3 Qe7 11. Bd3 Bb4 12. Bxb4 Qxb4+ 13. Qd2 Qxd2+ 14. Kxd2 exd4
15. Nxd4 {Natürlich konnten beide Seiten dem frühen Übergang ins Endspiel
ausweichen. Die Frage, in wessen Interesse dies liegt, ist jedoch schwer zu
beantworten.} Nc5 {In der Partie hat Schwarz Probleme, den weißen Springer von
d4 zu vertreiben. Jedoch kann sich Weiß nach der Alternative 15...Nf6 mit 16.
Rac1 gegen den Befreiungszug c5 stemmen.} 16. Bc2 Ke7 17. e4 {Das entstandene
Endspiel erinnert mich stark an einige Vorbilder im angenommenen Damengambit
nach 1.d4 d5 2.c4 dxc4 3.e4 e5 4.Nf3 Bb4+ 5.Bd2 B:d2+ 6.Q:d2 e:d4 7.Q:d4 usw.}
a5 18. a3 Be6 19. Ke3 Ra6 {Was ist von der Idee zu halten, die weiße
Bauernmehrheit mit 19...g5!? zu hemmen?} 20. Rhd1 Nd7 21. f4 f6 22. Rd2 c5 $2 {
Der Wunsch nach Entlastung ist verständlich, jedoch erhält Weiß im Gegenzug
zwei neue Vorteile: 1.Entwertung des schwarzen Damenflügels 2.Abtausch N-B.} (
22... Rd8 23. Rad1 Bg4 $5) 23. Nxe6 Rxe6 24. Bd3 Rd6 25. Rad1 Rd8 $6 26. Bb5 $1
{So erzwingt Weiß den Abtausch beider Turmpaare und erhält beste Gewinnchancen,
da er den schwarzen Springer einengen kann. Laut Markus mußte Schwarz
versuchen, sich unter Abtausch eines Turmpaars passiv zu verteidigen.} Nf8 27.
Rxd6 Rxd6 28. Rxd6 Kxd6 29. f5 $3 {Mit diesem überraschenden Zug setzt Weiß
den Springer gefangen, da das in der folgenden Variante entstehende
Bauernendspiel knapp gewonnen ist.} Ke5 (29... Nd7 30. Bxd7 Kxd7 31. Kd3 $1 $18
{Da Schwarz eine große Vielfalt möglicher Züge zur Verfügung steht, beschränke
ich mich hier darauf, meine Abschätzung durch einige Abspiele plausibel zu
machen:} b5 (31... Kd6 32. Kc4 Kc6 (32... Ke5 33. Kxc5 Kxe4 34. Kb6 Kxf5 35.
Kxb7 Ke4 36. b4) 33. a4 b6 34. g4 h6 35. h4 Kd6 36. Kb5 Kc7 37. h5 $5 Kb7 38.
e5 $1 $18) (31... g5 32. e5 fxe5 33. Ke4 Kd6 34. a4 $1 (34. f6 $2 Ke6 35. f7
Kxf7 36. Kxe5 b6 $1) 34... b5 (34... b6 35. g4 h6 36. h3) (34... h5 35. f6 Ke6
36. f7 Kxf7 37. Kxe5 b6 38. Kd6) 35. axb5 c4 36. bxc4 a4 37. c5+ Kd7 38. c6+
Kd6 39. f6 a3 40. f7 Ke7 41. c7 $18) 32. a4 Kc6 33. axb5+ Kxb5 34. Kc3 Kc6 35.
Kc4 Kb6 (35... Kd6 36. Kb5 Ke5 37. Kxc5 Kxe4 38. Kb5 Kxf5 39. Kxa5) 36. g4 h6
37. h3 Kc6 38. h4 Kd6 39. h5 Kc6 (39... Ke5 40. Kxc5 Kxe4 41. Kb5 Kf4 42. Kxa5
Kxg4 43. b4 Kxf5 44. b5 Ke6 45. b6 Kd7 46. Ka6 Kc8 47. Ka7) 40. e5 fxe5 41. g5
Kd6 42. f6 Ke6 43. fxg7 Kf7 44. g6+ Kxg7 45. Kxc5 $18) 30. a4 b6 31. Be8 h6 32.
h4 Nh7 33. Kd3 Nf8 34. Kc4 Kd6 35. Kb5 Kc7 36. Ka6 Nh7 37. Ka7 {Dieser Ausflug
ins schwarze Hinterland dient in erster Linie dazu, den entscheidenden
Durchbruch (e5) hinter die Zeitkontrolle zu verlegen.} Nf8 38. Ka6 Nh7 39. Kb5
Nf8 40. g3 Nh7 41. g4 Nf8 42. Bc6 Nh7 43. Bd5 {Zugzwang!} Nf8 44. e5 $1 {
Die Abschluß des mit 29.f5 eingeleiteten Konzepts mutet fast schon etwas
trivial an.} fxe5 45. g5 hxg5 46. hxg5 Nh7 47. f6 {Dieser zweite Durchbruch
wäre auch auf 46...Nd7 gefolgt.} g6 48. f7 Kd6 49. Bc4 Ke7 (49... Kc7 50. Bd3
Nf8 51. Be4 {Zugzwang!}) 50. Kxb6 Nxg5 51. Kxa5 Nxf7 52. Kb6 Nd6 53. Be2 c4 54.
bxc4 {Eine eindrucksvolle Demonstration der Überlegenheit des Läufers über den
Springer bei Bauern auf beiden Flügeln!} 1-0

[Event "Manresa op"]
[Site "Manresa"]
[Date "1995.??.??"]
[Round "7"]
[White "Vidarte Morales, Arturo"]
[Black "Korneev, Oleg"]
[Result "0-1"]
[WhiteElo "2355"]
[BlackElo "2605"]
[Annotator "Bulletin"]
[PlyCount "126"]
[EventDate "1995.??.??"]
[EventType "swiss"]
[EventRounds "9"]
[EventCountry "ESP"]
[SourceTitle "EXT 1998"]
[Source "ChessBase"]
[SourceDate "1997.11.17"]
[SourceVersion "1"]
[SourceVersionDate "1997.11.17"]
[SourceQuality "1"]

1. d4 d5 2. c4 e6 3. Nf3 Nf6 4. Nc3 c6 5. e3 Nbd7 6. Qc2 Bd6 7. Be2 O-O 8. O-O
b6 9. b3 Bb7 10. Bb2 Qe7 11. Rfd1 Rad8 12. e4 Nxe4 13. Nxe4 dxe4 14. Qxe4 Nf6
15. Qe3 c5 16. Ne5 Qc7 17. h3 Ne4 18. Bd3 cxd4 19. Bxd4 Bxe5 20. Bxe4 Bxd4 21.
Rxd4 Rxd4 22. Qxd4 Rd8 23. Qe3 Bxe4 24. Qxe4 g6 25. Qe2 Qd6 26. Rc1 h5 27. Qc2
Qa3 28. h4 Rd4 29. g3 e5 30. Re1 (30. c5 bxc5 31. Qxc5 Rd1+) 30... Qd6 31. Qc3
e4 32. b4 Rd3 33. c5 Qxg3+ 34. fxg3 Rxc3 35. Rxe4 bxc5 36. bxc5 Rxc5 37. a4 $4
(37. Ra4 $15) 37... Rc3 38. Kg2 Ra3 $19 39. Rc4 Kg7 40. Rf4 a5 41. Rc4 Kf6 42.
Re4 Kf5 43. Rc4 Ke6 44. g4 hxg4 45. Rxg4 Re3 46. Kf2 Rb3 47. Rg5 Rb4 48. h5
Rf4+ 49. Kg3 Rf5 50. Rxf5 Kxf5 51. h6 Kf6 52. Kg4 g5 53. h7 Kg7 54. Kxg5 Kxh7
55. Kf6 Kg8 56. Kf5 Kg7 57. Kg5 f6+ 58. Kf5 Kf7 59. Kf4 Ke6 60. Ke4 Kd6 61. Kd4
f5 62. Kc4 Ke5 63. Kd3 Kf4 0-1

[Event "ROM-GER Kings"]
[Site "Medias"]
[Date "2015.10.30"]
[Round "1.5"]
[White "Wagner, Dennis"]
[Black "Deac, Bogdan Daniel"]
[Result "1/2-1/2"]
[WhiteElo "2575"]
[BlackElo "2455"]
[Annotator "Bulmaga/Rogozenco,D"]
[PlyCount "87"]
[EventDate "2015.10.30"]
[EventType "schev"]
[EventRounds "5"]
[EventCountry "ROU"]
[SourceTitle "CBM 169"]
[Source "ChessBase"]
[SourceDate "2015.11.10"]
[SourceVersion "1"]
[SourceVersionDate "2015.11.10"]
[SourceQuality "1"]
[WhiteTeam "Germany"]
[BlackTeam "Romania"]
[WhiteTeamCountry "GER"]
[BlackTeamCountry "ROU"]
[TimeControl "40/5400+30:1800+30"]

1. d4 Nf6 2. c4 e6 3. Nf3 d5 4. Nc3 c6 5. e3 Nbd7 6. Qc2 Bd6 7. Bd3 O-O 8. b3
b6 9. O-O Bb7 10. Bb2 Re8 {Ein selten gespielter Zug.} 11. e4 dxc4 12. Bxc4 (
12. bxc4 e5 13. d5 Rc8 $13) 12... b5 13. Bd3 e5 {[#]} 14. dxe5 {Weiß konnte
auch versuchen, die Spannung im Zentrum aufrecht zu erhalten, um zunächst
allmählich die Stellung seiner Figuren zu verbessern.} (14. Ne2 {Nach der
Partie meinte IM Bogdan Deac, dies wäre eine bessere Fortsetzung für Weiß
gewesen.} Qc7 (14... exd4 15. Nexd4 Nc5 {Dies war die Variante, die Wagner
während der Partie nicht gefallen hatte und der Hauptgrund, warum er seine
ursprüngliche Idee 14. Ne2 fallen ließ. Aber tatsächlich steht Weiß hier
besser:} 16. Rad1 $14) 15. Ng3 Rad8 16. Rfd1 $13) 14... Nxe5 15. Nxe5 Bxe5 16.
f3 a6 17. Rad1 Qc7 18. g3 c5 19. Ne2 Nd7 {Schwarz hat das Problem mit dem
weißfeldrigen Läufer gelöst und alles scheint für ihn in Ordnung zu sein.}
20. Bc1 g6 21. Nf4 Bd4+ 22. Kg2 Rac8 23. Ne2 Bg7 24. Nf4 Ne5 25. Be2 c4 26. Nd5
Bxd5 27. Rxd5 {[#]} cxb3 $6 {Der Bauer c4 ist unbequem für Weiß und Schwarz
sollte ihn nicht so schnell abtauschen.} (27... Nc6 $5 28. Bf4 Qb6 29. bxc4 Nb4
30. Qb1 bxc4 $15) 28. Qxb3 {[#]} Qc2 $2 (28... Nc4 $11 {Schwarz sollte
versuchen, Weiß daran zu hindern, die Stellung des Läufers auf c1 zu
verbessern.}) 29. Bd2 $1 Qxb3 30. axb3 {Weiß hat das Läuferpaar und steht
sehr angenehm.} Nc6 31. Rc1 Nd4 32. Rxc8 Rxc8 33. Bd1 Ne6 34. f4 Bc3 35. Be3
Bb4 36. e5 ({Richtig war} 36. g4 $1 {und Schwarz muss um das Remis kämpfen.})
36... h5 37. Kf3 Ba3 38. Ke2 (38. Ke4 {"War vielleicht ein besserer Versuch",
meinte IM Bogdan Deac nach der Partie. Aber nach} Nc5+ {sollte Schwarz den
Ausgleich wahren können.}) 38... Bc1 39. Rd6 Bxe3 40. Kxe3 Rc1 41. h4 ({
Vielleicht bot} 41. b4 {was die Bauernstruktur festlegt, immer noch Chancen,
auf Gewinn zu spielen.}) 41... a5 42. Kd2 Rc5 43. Bf3 Kf8 44. Be4 1/2-1/2

[Event "Baku FIDE GP"]
[Site "Baku"]
[Date "2014.10.04"]
[Round "3"]
[White "Mamedyarov, Shakhriyar"]
[Black "Andreikin, Dmitry"]
[Result "1/2-1/2"]
[WhiteElo "2764"]
[BlackElo "2722"]
[Annotator "CB"]
[PlyCount "71"]
[EventDate "2014.10.02"]
[EventType "tourn"]
[EventRounds "11"]
[EventCountry "AZE"]
[EventCategory "21"]
[SourceTitle "CBM 163"]
[Source "ChessBase"]
[SourceDate "2014.11.11"]
[SourceVersion "1"]
[SourceVersionDate "2014.11.11"]
[SourceQuality "1"]

1. d4 d5 2. c4 c6 3. Nc3 Nf6 4. Nf3 a6 5. e3 e6 6. Qc2 Nbd7 {despite how
natural this move looks, it is not as common as c5.} 7. a3 dxc4 8. Bxc4 b5 9.
Ba2 c5 10. d5 exd5 11. Nxd5 Bb7 {It isn't entirely clear what Mamedyarov
achieved with a3, now it simply looks like a lost tempo. White risks standing
worse out of the opening.} 12. e4 c4 13. O-O Be7 (13... Bd6 {looks risky, as
ideas of e5 and using the fact that the king is uncastled look threatening,
but there is actually nothing going on and the bishop is a little better
placed on d6.}) 14. Nxf6+ Nxf6 15. e5 Nd7 16. Rd1 Qc7 17. Bf4 Nc5 (17... Bxf3
18. gxf3 O-O {is better for Black, though nothing outrageous. White can put
his bishop on g3 and his kingside will not be that weak, despite his doubled
pawns.}) 18. b3 Ne6 19. Be3 O-O 20. bxc4 Rac8 21. c5 Bxc5 22. Bxe6 Bxe3 23.
Qxc7 Rxc7 24. Bd5 Bxd5 25. Rxd5 Rc1+ 26. Rxc1 Bxc1 27. Rd3 {The endgame is
better for Black. with a bishop against a knight and a potential passed pawn
on the queenside, but it is not a clear advantage just yet.} Rc8 28. Kf1 Kf8 (
28... Bb2 29. Rd6 Ra8 30. Rd3 $11) 29. Rd6 Ra8 30. Rd3 Re8 31. Rd6 Re6 32. Rd8+
Re8 33. Rd6 Re6 34. Rd8+ Ke7 35. Rb8 (35. Ra8 Rb6 {seems very difficult to
make progress, but the move in the game ism ore direct.}) 35... Bb2 (35... Bxa3
36. Nd4 Rg6 37. Rb7+ Ke8 38. Rb8+ Kd7 39. Rb7+ Kc8 40. Rxf7 {is double edged,
and Andreikin didn't feel like risking anything.}) 36. a4 1/2-1/2

[Event "Sharjah FIDE GP (Women)"]
[Site "Sharjah"]
[Date "2014.08.28"]
[Round "4"]
[White "Zhao, Xue"]
[Black "Harika, Dronavalli"]
[Result "1/2-1/2"]
[WhiteElo "2508"]
[BlackElo "2521"]
[Annotator "CB"]
[PlyCount "115"]
[EventDate "2014.08.25"]
[EventType "tourn"]
[EventRounds "11"]
[EventCountry "UAE"]
[EventCategory "10"]
[SourceTitle "CBM 162"]
[Source "ChessBase"]
[SourceDate "2014.09.17"]
[SourceVersion "1"]
[SourceVersionDate "2014.09.17"]
[SourceQuality "1"]

{An interesting game. White's attack on the kingside culminated with a piece
sacrifice, but the Indian player completely ignored it in order to create her
own center counterplay. With neither side crashing through the complications
ended in some simplifcations; and oddly a quiet and drawish endgame.} 1. d4 d5
2. c4 e6 3. Nc3 c6 4. Nf3 Nf6 5. e3 Nbd7 6. Qc2 b6 7. Bd3 Bb7 8. O-O Be7 9. Rd1
O-O 10. e4 dxe4 11. Nxe4 Nxe4 12. Bxe4 Nf6 13. Bd3 Qc7 14. c5 h6 15. Bd2 a5 16.
Qc1 bxc5 17. Bf4 Qb6 18. Bxh6 Nd5 (18... gxh6 19. Qxh6 cxd4 20. Ne5 {is
suicidal for Black.}) 19. Bg5 f6 20. Be3 cxd4 21. Nxd4 c5 22. Ne2 Ba6 23. Bxa6
Qxa6 24. Nf4 Nxf4 25. Bxf4 Rfd8 26. Qc2 Kf7 27. Be3 c4 28. Rdc1 Rab8 29. Qe2
Rd3 30. Rc2 Qb5 31. Rac1 Qd5 32. h3 Rc8 33. Qg4 Bd6 34. Kf1 Be5 35. Rxc4 Rxc4
36. Qxc4 Qxc4 37. Rxc4 Bxb2 38. Ke2 Ra3 39. Rc2 Be5 40. Bc5 Ra4 41. Kd3 f5 42.
a3 Rh4 43. Rc4 Rh8 44. f4 Bf6 45. Ra4 Ra8 46. Ke3 Bd8 47. Bd4 Rb8 48. Bc3 Rb3
49. Kd2 Be7 50. Rxa5 Rxa3 51. Rxa3 Bxa3 52. Ke3 Bc1+ 53. Kf3 Ba3 54. Be5 g6 55.
Bc3 Bc5 56. Be5 Ba3 57. Bc3 Bc5 58. Be5 1/2-1/2

[Event "Tbilisi FIDE GP"]
[Site "Tbilisi"]
[Date "2015.02.23"]
[Round "8"]
[White "Kasimdzhanov, Rustam"]
[Black "Andreikin, Dmitry"]
[Result "1/2-1/2"]
[WhiteElo "2705"]
[BlackElo "2737"]
[Annotator "CB"]
[PlyCount "61"]
[EventDate "2015.02.15"]
[EventType "tourn"]
[EventRounds "11"]
[EventCountry "GEO"]
[EventCategory "20"]
[SourceTitle "CBM 165"]
[Source "ChessBase"]
[SourceDate "2015.03.11"]
[SourceVersion "1"]
[SourceVersionDate "2015.03.11"]
[SourceQuality "1"]

1. d4 d5 2. c4 c6 3. Nf3 Nf6 4. Nc3 a6 5. e3 e6 {The ...a6 Meran can be
reached from both the Slav and Meran move orders. It is still considered
rather solid and was prominent in the Anand-Gelfand match of 2012.} 6. c5 b6 7.
cxb6 Qxb6 8. Bd3 a5 9. O-O Ba6 10. Na4 Qb7 11. Bxa6 Rxa6 12. b3 Nbd7 13. Bb2
Be7 {Black has a structural weakness on c6, but that is all that is wrong with
his position. He will always be threatening to break through with c5, which
White must contain, and it is difficult for White to create play anywhere else
on the board.} 14. Rc1 O-O 15. Qd3 Rc8 16. Rc2 Nb6 17. Nxb6 (17. Nc5 Bxc5 18.
Rxc5 (18. dxc5 Nbd7 {is not really better for White, who now doesn't have
pressure on c6 and actually his c5 is weak.}) 18... a4 $15) 17... Rxb6 18. Bc3
Ra8 19. Rfc1 Ba3 20. Bb2 a4 21. Bxa3 axb3 22. axb3 Rxb3 23. Qd1 Rbxa3 24. Rxc6
{and by now it is very clear this game isn't going anywhere.} Ra1 25. Rxa1 Rxa1
26. Qxa1 Qxc6 27. Qb2 Qc7 28. g3 g6 29. Kg2 Kg7 30. Ne5 Nd7 31. Nxd7 1/2-1/2

[Event "Lopota FIDE GP (Women)"]
[Site "Lopota"]
[Date "2014.06.29"]
[Round "9"]
[White "Dzagnidze, Nana"]
[Black "Stefanova, Antoaneta"]
[Result "0-1"]
[WhiteElo "2541"]
[BlackElo "2488"]
[Annotator "CB"]
[PlyCount "112"]
[EventDate "2014.06.19"]
[EventType "tourn"]
[EventRounds "11"]
[EventCountry "GEO"]
[EventCategory "11"]
[SourceTitle "CBM 161 Extra"]
[Source "ChessBase"]
[SourceDate "2014.08.29"]
[SourceVersion "1"]
[SourceVersionDate "2014.08.29"]
[SourceQuality "1"]

{Stefanova started out playing a brilliant game. Every move put pressure on
her opponent and she seized an early initiative, despite being Black. The
unbalanced position and her pair of bishops gave her great play, but she erred
and basically threw all of her advantage away in one move. In a complex but
still dangerous endgame for both sides it was Dzagnidze's turn to err and she
blundered badly leaving her king too exposed. Stefanova pounced and took an
important point from Dzagnidze who is now only tied for third.} 1. d4 d5 2. c4
c6 3. Nf3 Nf6 4. Nc3 e6 5. e3 a6 6. b3 Bb4 7. Bd2 Nbd7 8. Bd3 O-O 9. O-O Bd6
10. e4 dxc4 11. bxc4 e5 12. c5 Bc7 13. Bg5 exd4 14. Na4 Re8 15. Qc2 Nf8 16. e5
h6 17. exf6 hxg5 18. fxg7 Kxg7 19. Rfe1 Bg4 20. Rxe8 Qxe8 21. Re1 Qd8 22. Nd2
Qf6 23. Rb1 Ne6 24. Nf1 Rh8 25. f3 Bh5 26. Rxb7 g4 27. fxg4 Bxg4 28. Qf2 Qe5 $6
(28... Bf4 $1) 29. Nb6 Qxc5 $2 {Off course} (29... Qf4 $1 $17) 30. Nd7 Qg5 31.
Rxc7 Nxc7 32. Qxd4+ f6 33. Nxf6 Qxf6 34. Qxg4+ Kf8 35. Qc8+ Ne8 36. Qxa6 Qd4+
37. Kh1 Nf6 38. Bf5 c5 39. h3 Qe5 40. Bd3 Kg7 41. Qb7+ Kf8 42. Bc4 Rh7 43. Qc8+
Kg7 44. a4 Rh4 45. Qb7+ Kh6 46. Qb3 Qe4 47. Bb5 c4 48. Qa3 Rf4 49. Ng3 Qe1+ 50.
Kh2 Qe5 51. Qc1 Kg7 52. a5 Rh4 53. Bd7 Nxd7 54. a6 c3 55. Qa3 Nf6 56. Kh1 Qe1+
0-1

[Event "Vienna m"]
[Site "Vienna"]
[Date "2015.08.21"]
[Round "4"]
[White "Ragger, Markus"]
[Black "Mamedyarov, Shakhriyar"]
[Result "1/2-1/2"]
[WhiteElo "2688"]
[BlackElo "2735"]
[Annotator "CB"]
[PlyCount "72"]
[EventDate "2015.08.17"]
[EventType "match"]
[EventRounds "6"]
[EventCountry "AUT"]
[SourceTitle "CBM 168"]
[Source "ChessBase"]
[SourceDate "2015.09.14"]
[SourceVersion "1"]
[SourceVersionDate "2015.09.14"]
[SourceQuality "1"]

1. d4 d5 2. c4 c6 3. Nf3 Nf6 4. Nc3 e6 5. e3 a6 {In der vierten Partie des
Wettkampfs gegen Ragger wählt Mamedyarov erstmals die slawische Verteidigung,
die er zuletzt häufig gespielt hat. An dieser Stelle bleibt er seiner
Matchstrategie treu und wählt erneut eine Fortsetzung, die er bisher nicht
oder kaum am Brett hatte. Allerdings hat Mamedyarv Erfahrungen in dieser
konkreten Variante aus drei Weißpartien gegen Andreikin.} 6. Qc2 ({Mamedyarov
war in einer Partie gegen Andreikin mit} 6. a3 {erfolgreich, mit zwei anderen
Abspielen hat er hingegen nichts erreicht und einmal sogar verloren.} Nbd7 7.
Qc2 Qc7 8. e4 dxe4 9. Nxe4 c5 10. Nxf6+ Nxf6 11. dxc5 a5 12. g3 Bxc5 13. Bg2
O-O 14. O-O e5 15. Bg5 Ra6 16. Rae1 Re8 17. Qc3 h6 18. Bxf6 gxf6 19. b4 Bf8 20.
Nh4 axb4 21. axb4 Be6 22. c5 b6 23. c6 Ra4 24. Rb1 Rd8 25. Qf3 Rd4 26. Nf5
Rdxb4 27. Rxb4 Rxb4 28. Qh5 Kh7 29. Rd1 Qc8 30. Ne3 f5 31. Bd5 f4 32. Nc2 Ra4
33. Qxe5 Bg7 34. Be4+ Kg8 35. Qxf4 f5 36. c7 Rxe4 37. Rd8+ Kf7 38. Qd6 Qa6 39.
Rd7+ Kg6 40. Qc6 Qc8 41. Rd8 Rc4 42. Qxc4 {1-0 (42) Mamedyarov,S (2757)
-Andreikin,D (2709) Khanty-Mansiysk 2014}) ({Die Variante mit 5.- a6 war eine
Vorbereitung von Anand in seinem WM Kampf gegen Gelfand. In den ersten drei
Weißpartien konnte Gelfand keinen Vorteil verbuchen. In der 7. Partie der WM
gewinnt Gelfand mit} 6. c5 {die folgende Partie, wonach Anand die Eröffnung
nicht mehr wiederholte.} Nbd7 7. Qc2 b6 8. cxb6 Nxb6 9. Bd2 c5 10. Rc1 cxd4 11.
exd4 Bd6 12. Bg5 O-O 13. Bd3 h6 14. Bh4 Bb7 15. O-O Qb8 16. Bg3 Rc8 17. Qe2
Bxg3 18. hxg3 Qd6 19. Rc2 Nbd7 20. Rfc1 Rab8 21. Na4 Ne4 22. Rxc8+ Bxc8 23. Qc2
g5 24. Qc7 Qxc7 25. Rxc7 f6 26. Bxe4 dxe4 27. Nd2 f5 28. Nc4 Nf6 29. Nc5 Nd5
30. Ra7 Nb4 31. Ne5 Nc2 32. Nc6 Rxb2 33. Rc7 Rb1+ 34. Kh2 e3 35. Rxc8+ Kh7 36.
Rc7+ Kh8 37. Ne5 e2 38. Nxe6 {1-0 (38) Gelfand,B (2727)-Anand,V (2791) Moscow
2012}) 6... c5 7. cxd5 exd5 8. Be2 Nc6 {Mit diesem Zug betreten beide
persönliches Neuland.} ({In einer der WM Partien zwischen Gelfand und Anand
folgte} 8... Be6 9. O-O Nc6 10. Rd1 cxd4 11. Nxd4 Nxd4 12. Rxd4 Bc5 13. Rd1 Qe7
14. Bf3 Rd8 {Ragger selbst spielte erfolgreich an dieser Stelle} (14... O-O 15.
Nxd5 Bxd5 16. Bxd5 Nxd5 17. Rxd5 Rac8 18. Bd2 Bxe3 19. Bc3 Bb6 20. Qf5 Qe6 21.
Qf3 f6 22. h4 Qc6 23. h5 Rfd8 24. Rxd8+ Rxd8 25. Qxc6 bxc6 26. Re1 Kf7 27. g4
Bd4 28. Rc1 Bxc3 29. Rxc3 Rd4 {1/2-1/2 (29) Gelfand,B (2727)-Anand,V (2791)
Moscow 2012}) 15. b3 O-O 16. Bb2 Rc8 17. Nxd5 Bxd5 18. Bxd5 Bxe3 19. Qe2 Nxd5
20. Rxd5 Bg5 21. Re5 Qf6 22. Re1 Bf4 23. Re4 Qh6 24. g3 Bc1 25. Bd4 Qd6 26. b4
Ba3 27. Qg4 g6 28. Qh4 h5 29. Qg5 Bxb4 30. Be5 Bd2 31. Bxd6 Bxg5 32. Bxf8 Kxf8
33. Rd1 Rc7 34. Rdd4 Bf6 35. Rc4 Rd7 36. Rc8+ Kg7 37. Kg2 Rd2 38. Rc7 b5 39. a3
a5 40. Rb7 Rb2 41. h3 Rb3 42. Re3 Rxe3 43. fxe3 a4 44. Rxb5 Be7 45. Ra5 Bxa3
46. Rxa4 Bb2 47. Kf3 Be5 48. Ra7 Bd6 49. g4 hxg4+ 50. hxg4 Be5 51. Ke4 Bc3 52.
Kd5 Bd2 53. e4 Bc3 54. Rb7 Kf8 55. Kd6 Be1 56. Kd7 Bg3 57. Rb5 Bf4 58. Ra5 Bg3
59. Ra8+ Kg7 60. Ke8 Kf6 61. Ra6+ Kg7 62. Ra3 Be5 63. Rf3 f6 64. Ke7 Bd4 65.
Ke6 Bb2 66. Rf1 Bd4 67. Rd1 Bc3 68. Rd3 Bb2 69. Rd5 Kh6 70. Kf7 Bc3 71. Rb5 Bd4
72. g5+ fxg5 73. e5 {1-0 (73) Ragger,M (2614)-Kobalia, M (2672) Aix-les-Bains
2011}) 9. O-O cxd4 10. Nxd4 Qc7 11. Nxc6 bxc6 12. b3 $146 ({In der bisher
einzigen Vorgängerpartie folgte} 12. e4 Bd6 13. f4 O-O 14. e5 Bc5+ 15. Kh1 Ng4
16. Bd3 Qe7 17. g3 f6 18. h3 Nh6 19. exf6 Rxf6 20. f5 Nxf5 21. Bf4 Ne3 22.
Bxh7+ Kh8 23. Bxe3 Qxe3 24. Rae1 Rxf1+ 25. Rxf1 Bxh3 26. Nd1 Qxg3 27. Bg8 Kxg8
{0-1 (27) Skembris,S (2465)-Hadzimanolis,A (2301) Igoumenitsa 2007}) 12... Bd6
13. h3 O-O 14. Bb2 Re8 15. Rac1 Bd7 16. Rfd1 h6 17. Bf3 Rac8 ({Ein grober
Fehler wäre natürlich das frühzeitige} 17... Ne4 $2 {wegen} 18. Nxd5 $18)
18. Na4 Ne4 19. Bxe4 {Der schwarze Springer muss weg, Weiß will die Kontrolle
über die schwarzen Felder.} (19. Bd4 c5 (19... Bf5) 20. Bb2 Bxa4) 19... Rxe4
20. Nc5 (20. Qc3 Bh2+ 21. Kh1 Be5) 20... Bxc5 21. Qxc5 $14 {Ragger hat sein
Ziel erreicht und wegen der besseren Bauernstruktur einen soliden leichten
Vorteil. Ein Gewinn ist wegen der ungleichen Läufer aber schwer zu erreichen.}
Qb8 22. Qa5 Qb7 23. Rc5 Rce8 24. Rd4 f6 25. Qd2 Qb8 26. Ra5 Qb7 {Mamedyarov
kann eigentlich nur abwarten.} 27. Rxe4 Rxe4 28. Bd4 Bc8 29. Ra4 (29. Qc3 Bd7 {
war eine Alternative.} 30. Qc5 Rh4 31. Qb6 Qxb6 32. Bxb6 Bc8 33. Bd4 Re4 34. f3
Re7 35. Kf2 $14) 29... c5 $6 {Jetzt verliert Mamedyarov die Geduld und wird
aktiv. Besser war weiteres abwarten, etwa mit} (29... Qc7) 30. Bxc5 {Damit
verpasst Ragger seine Chance den Vorteil zu vergrößern. Stark war} (30. f3 $1
Rh4 (30... Re8 31. Bxc5) (30... Bd7 31. Ra5 Re8 32. Rxc5) 31. Qe1 g5 (31... Rh5
32. Bxc5 $16) 32. Bxc5 Rxa4 33. bxa4 {mit einer günstigeren Version als in
der Partie.}) 30... Rxa4 31. bxa4 Bf5 32. Bd4 ({Mit} 32. Bb4 $14) ({oder} 32.
f3 $14 {konnte Ragger einen Minivorteil festhalten. An einen Gewinn ist aber
nicht mehr zu denken. Ragger fügt sich daher in eine Zugwiederholung.}) 32...
Qb1+ 33. Kh2 Qb8+ 34. Kg1 Qb1+ 35. Kh2 Qb8+ 36. Kg1 Qb1+ 1/2-1/2